000 00273nam a2200121 i 4500
001 bg
245 0 _aKinetika i dinamika fiziceskoj adsorpcii...
260 _aMoskva,
_c1973.
040 _cBPK
041 _apol
942 _cKS
008 s pl f |000 0 pol
999 _c27134
_d27134
856 _uhttp://koha.tu.koszalin.pl/cgi-bin/koha/opac-detail.pl?biblionumber=27134
_yKatalog online BPK